Role of Taxes and Transfers in the Fiscal Policy. 1.18

Guardado en:
Detalles Bibliográficos
Autor principal: Neubauerová, Erika, 1968-
Otros Autores: Dubrovina, Nadiya, 1972-
Formato: Capítulo de libro
Lenguaje:inglés
Materias:
Etiquetas: Agregar Etiqueta
Sin Etiquetas, Sea el primero en etiquetar este registro!

MARC

LEADER 00000naa$a2200000$$$4500
001 0222427
005 20240502083552.0
041 0 |a eng 
044 |a UA 
245 1 0 |a Role of Taxes and Transfers in the Fiscal Policy. 1.18  |c Erika Neubauerová, Nadiya Dubrovina 
610 2 0 |a dane 
610 2 0 |a teórie daňové 
610 2 0 |a systémy daňové 
610 2 0 |a príjmy 
610 2 0 |a nerovnosť 
610 2 0 |a svet 
100 1 |a Neubauerová, Erika, 1968- 
700 1 |a Dubrovina, Nadiya, 1972-